000
00312nam a2200121Ia 4500
005
20251222144817.0
008
251222s9999||||xx |||||||||||||| ||spa||
082
_a
379.985/R47
100
_a
Rey Rey, Rafael
245
0
_a
Proyectos de la Ley General de Educación
264
_b
Ediciones Educativas
942
_c
LIB
999
_c
20323
_d
20323